00442nam a22001337a 4500008004100000082001500041100002100056245006000077260003500137300001500172942001200187999001500199952009400214230703b xxu||||| |||| 00| 0 eng d a352.6bHOC cHouse of Commons aManual of Allowances and ServicesbVolume 1- Allowances aCanadabHouse of Commonsc1993 aNo Panging 2ddccBK c3140d3140 00102ddc4070a002b002d2023-07-03l0o352.6 HOCp10011211r2023-07-03w2023-07-03yBK